000 00443nam a2200169Ia 4500
003 GCL
005 20240530095815.0
008 140319s9999 xx 000 0 eng d
040 _aGCL /
_cGCL
082 0 4 _a932
_bCC/E A
100 1 _aEMERY, WALTER B
245 1 0 _aARCHAIC EGYPT /
_cEMERY, WALTER B
260 _aEDINBURGH :
_bPENGUIN, BOOKS ،
_c1961
300 _a260 p :
_bpictures ;
_c19 cm
650 0 4 _aANCIENT EGYPT
942 _2ddc
_cBK
999 _c10869
_d10869